Η επιστήμη εναντίον της θρησκείας : η θρησκεία υπήρξε πάντα εμπόδιο και έχθρα της επιστήμης

Αποθηκεύτηκε σε:
Λεπτομέρειες βιβλιογραφικής εγγραφής
Κύριοι συγγραφείς: Αναγνωστίδης, Κλεόβουλος Κ., Μετρινός, Κ. (Συγγραφέας)
Μορφή: Βιβλίο
Γλώσσα:Greek
Δημοσίευση: [Χ.τ.] : Εκδόσεις Αναγνωστίδη, [19--].
Θέματα:
Ετικέτες: Προσθήκη ετικέτας
Δεν υπάρχουν, Καταχωρήστε ετικέτα πρώτοι!

MARC

LEADER 00000cam a2200000 a 4500
001 1/115549
008 171207n ####gr | ||| |||| ||gre||
040 |a GR-MyUa  |b gre  |c GR-MyUa  |e AACR2 
041 0 |a gre 
082 7 |a 215  |2 (23) 
100 1 |a Αναγνωστίδης, Κλεόβουλος Κ. 
245 1 2 |a Η επιστήμη εναντίον της θρησκείας :   |b η θρησκεία υπήρξε πάντα εμπόδιο και έχθρα της επιστήμης /   |c Κλεόβουλου Κ. Αναγνωστίδη, Μετρινού.  
246 1 |i Τίτλος εξωφύλλου :   |a Η επιστήμη εναντίον της θρησκείας 
260 |a [Χ.τ.] :   |b Εκδόσεις Αναγνωστίδη,   |c [19--].  
300 |a 205 σ. ;   |c 22 εκ.  
650 0 |a Religion and science. 
700 1 |a Μετρινός, Κ.  |e aut 
852 |a INST  |b SAMOS  |e 20171207  |h 215 ΑΝΑ  |p 005300045071  |q 005300045071  |t BK  |y 0 
970 |a Φιλιππή  |b Φάλη  |z 07-12-2017